[Event "Polar Capital Jersey op"]
[Site "St Helier"]
[Date "2018.04.02"]
[Round "4.20"]
[White "Pugh, Glyn D"]
[Black "Jaufarally, Nadia"]
[Result "1/2-1/2"]
[WhiteElo "1847"]
[BlackElo "1849"]
[PlyCount "57"]
[EventDate "2018.03.31"]
[EventType "swiss"]
[EventRounds "9"]
[EventCountry "JCI"]

1. d4 Nf6 2. c4 g6 3. Nc3 Bg7 4. e4 d6 5. f4 O-O 6. Nf3 Bg4 7. Be2 Nc6 8. Be3
Nd7 9. d5 Nb4 10. a3 Na6 11. Nd4 Bxe2 12. Qxe2 Nac5 13. f5 Nf6 14. Bf2 Ng4 15.
Bg1 Ne5 16. Rd1 a5 17. Be3 a4 18. O-O Qd7 19. Nf3 Nxf3+ 20. Rxf3 b6 21. Bd4
Bxd4+ 22. Rxd4 e5 23. dxe6 fxe6 24. fxg6 hxg6 25. Rd1 Qg7 26. Rg3 Rf4 27. Qc2
g5 28. Qd2 Raf8 29. h4 1/2-1/2

[Event "Polar Capital Jersey op"]
[Site "St Helier"]
[Date "2018.04.03"]
[Round "5.1"]
[White "Merry, Alan B"]
[Black "Vakhidov, Jakhongir"]
[Result "1-0"]
[WhiteElo "2436"]
[BlackElo "2542"]
[PlyCount "109"]
[EventDate "2018.03.31"]
[EventType "swiss"]
[EventRounds "9"]
[EventCountry "JCI"]

1. e4 c5 2. Nf3 d6 3. Bb5+ Nd7 4. c3 Ngf6 5. Qe2 a6 6. Ba4 b5 7. Bc2 Bb7 8. d4
g6 9. Nbd2 cxd4 10. cxd4 Bg7 11. O-O O-O 12. Nb3 a5 13. Bg5 h6 14. Bh4 Nh5 15.
Rfe1 b4 16. a4 Re8 17. Qe3 Qb6 18. Nfd2 e5 19. d5 Nf4 20. Nc4 Qc7 21. Nbd2 g5
22. Bg3 f5 23. f3 Rf8 24. Rac1 fxe4 25. fxe4 Rf6 26. Bd1 Qd8 27. Bg4 Ra6 28.
Nb3 Nf8 29. Qd2 N8g6 30. Bf2 h5 31. Bd1 Nh4 32. Nbxa5 Bc8 33. Nc6 Qf8 34. Bxh4
gxh4 35. Ne3 Bh6 36. Ne7+ Qxe7 37. Rxc8+ Kh7 38. Qc2 Rf7 39. Nf5 Qg5 40. Bf3 b3
41. Qxb3 Raa7 42. Kh1 h3 43. g3 Ng2 44. Qb8 Bg7 45. Nxg7 Qxg7 46. Bxg2 hxg2+
47. Kxg2 Qf6 48. Rc2 Rxa4 49. Qb3 Ra8 50. Qd3 h4 51. gxh4 Qxh4 52. Re3 Ra1 53.
Rh3 Rg7+ 54. Qg3 Rg1+ 55. Kf2 1-0

[Event "Polar Capital Jersey op"]
[Site "St Helier"]
[Date "2018.04.03"]
[Round "5.2"]
[White "Hillarp Persson, Tiger"]
[Black "Arkell, Keith C"]
[Result "1/2-1/2"]
[WhiteElo "2541"]
[BlackElo "2413"]
[PlyCount "105"]
[EventDate "2018.03.31"]
[EventType "swiss"]
[EventRounds "9"]
[EventCountry "JCI"]

1. Nf3 Nf6 2. g3 d5 3. Bg2 c6 4. c4 g6 5. Qa4 Nbd7 6. cxd5 cxd5 7. d4 Bg7 8.
Bf4 O-O 9. O-O Nb6 10. Qa5 Bg4 11. Nc3 Bxf3 12. Bxf3 e6 13. Rfd1 Nc4 14. Qxd8
Rfxd8 15. b3 Nd6 16. Rac1 Rd7 17. a4 b6 18. Bd2 Nfe8 19. e3 Rc7 20. Be2 a6 21.
f3 a5 22. Bd3 Rac8 23. g4 f5 24. gxf5 Nxf5 25. Ne2 Rxc1 26. Rxc1 Rxc1+ 27. Bxc1
Kf7 28. Kf2 Bf6 29. Nf4 Bg5 30. Bxf5 gxf5 31. Nd3 Bd8 32. Ne5+ Kg7 33. Ba3 Bc7
34. Be7 Nf6 35. Nc6 Kf7 36. Bd8 Bxd8 37. Nxd8+ Ke7 38. Nc6+ Kd6 39. Ne5 Nh5 40.
Nd3 Ke7 41. Kg2 Kf6 42. Ne5 Ke7 43. Kh3 Ng7 44. Kh4 h6 45. Kg3 Nh5+ 46. Kf2 Nf6
47. Ke2 Nh5 48. Kd3 Nf6 49. Kc3 Nd7 50. Ng6+ Kf6 51. Nf4 Nf8 52. Kd2 Ng6 53.
Ke2 1/2-1/2

[Event "Polar Capital Jersey op"]
[Site "St Helier"]
[Date "2018.04.03"]
[Round "5.3"]
[White "Hebden, Mark L"]
[Black "Eggleston, David J"]
[Result "1-0"]
[WhiteElo "2454"]
[BlackElo "2409"]
[PlyCount "119"]
[EventDate "2018.03.31"]
[EventType "swiss"]
[EventRounds "9"]
[EventCountry "JCI"]

1. d4 Nf6 2. Nf3 b6 3. Bg5 Bb7 4. Nbd2 e6 5. e4 Be7 6. Bd3 d6 7. O-O O-O 8. Qe2
h6 9. Bf4 c5 10. c3 cxd4 11. cxd4 Nc6 12. e5 dxe5 13. dxe5 Nd7 14. Qe4 g6 15.
Qe3 Bc5 16. Qe2 Kg7 17. Nb3 Nb4 18. Rfd1 Nd5 19. Bg3 Be7 20. Nfd4 Nc5 21. Nxc5
Bxc5 22. Nb5 Qg5 23. Be4 h5 24. Qd2 Qxd2 25. Rxd2 Bb4 26. Rdd1 a5 27. Bh4 Rab8
28. Bxd5 Bxd5 29. Nc7 Bc6 30. Rac1 Bb7 31. Rd7 Kg8 32. Be7 Bc8 33. Bxf8 Bxd7
34. Bxb4 axb4 35. Na6 Rc8 36. Rxc8+ Bxc8 37. Nxb4 g5 38. Nc6 Bb7 39. Nd4 f6 40.
exf6 Kf7 41. f3 Kxf6 42. Kf2 Ke5 43. Ke3 h4 44. Ne2 g4 45. f4+ Kd5 46. Nc3+ Kc4
47. g3 hxg3 48. hxg3 b5 49. Ne4 Bd5 50. Nf6 Bf3 51. Nd7 Bd5 52. Nb6+ Kc5 53.
Nxd5 Kxd5 54. Kd3 Kc5 55. Ke4 Kc4 56. b3+ Kc3 57. a4 b4 58. a5 Kxb3 59. a6 Kc3
60. a7 1-0

[Event "Polar Capital Jersey op"]
[Site "St Helier"]
[Date "2018.04.03"]
[Round "5.4"]
[White "Ansell, Simon T"]
[Black "Pruijssers, Roeland"]
[Result "1/2-1/2"]
[WhiteElo "2342"]
[BlackElo "2523"]
[PlyCount "151"]
[EventDate "2018.03.31"]
[EventType "swiss"]
[EventRounds "9"]
[EventCountry "JCI"]

1. d4 f5 2. Bg5 g6 3. Nc3 Bg7 4. e4 fxe4 5. Nxe4 d5 6. Nc5 b6 7. Nb3 Nf6 8. Nf3
O-O 9. Be2 Ne4 10. Be3 Nd6 11. O-O Bg4 12. Ng5 Bf5 13. g4 Bc8 14. Nd2 Nc6 15.
Bf3 Ne8 16. c4 e6 17. Nb3 Ne7 18. Re1 h6 19. Nh3 g5 20. Bg2 Ng6 21. Rc1 c6 22.
cxd5 cxd5 23. Rc3 Nd6 24. f3 a5 25. Bf2 Bd7 26. Bf1 Qf6 27. Rc7 Rad8 28. Bg3
Nc4 29. Nf2 a4 30. Bxc4 dxc4 31. Be5 Nxe5 32. dxe5 Qf4 33. Rxd7 Rxd7 34. Qxd7
Qxf3 35. Qxe6+ Kh8 36. Qxb6 cxb3 37. axb3 Qxb3 38. Qxb3 axb3 39. Re3 Rd8 40.
Nd3 Rc8 41. Kg2 Kg8 42. Kf3 Kf7 43. Ke4 Ke6 44. Kd4 Bf8 45. Rf3 Be7 46. Rf1 Rc2
47. h3 Bd8 48. Nc5+ Ke7 49. Nxb3 Bb6+ 50. Kd5 Rxb2 51. Rf3 Rb1 52. Ke4 Re1+ 53.
Kf5 Kf7 54. Nd2 Bc7 55. Nc4 Re2 56. Re3 Rf2+ 57. Ke4 Rf4+ 58. Kd5 Rf1 59. Rd3
Rc1 60. Nd6+ Bxd6 61. Kxd6 Rf1 62. Kd7 Ra1 63. e6+ Kf6 64. Rf3+ Kg7 65. Rc3 Kf6
66. Rf3+ Kg7 67. e7 Ra7+ 68. Kd6 Ra6+ 69. Kd5 Ra5+ 70. Kd4 Ra4+ 71. Kd5 Ra5+
72. Ke4 Ra4+ 73. Kd3 Ra3+ 74. Ke2 Ra2+ 75. Kd3 Ra3+ 76. Ke4 1/2-1/2

[Event "Polar Capital Jersey op"]
[Site "St Helier"]
[Date "2018.04.03"]
[Round "5.5"]
[White "Speelman, Jon S"]
[Black "Mitchell, Martin"]
[Result "1-0"]
[WhiteElo "2501"]
[BlackElo "2237"]
[PlyCount "99"]
[EventDate "2018.03.31"]
[EventType "swiss"]
[EventRounds "9"]
[EventCountry "JCI"]

1. d4 Nf6 2. Nf3 e6 3. g3 c5 4. Bg2 cxd4 5. O-O d5 6. Nxd4 Be7 7. c4 O-O 8.
cxd5 exd5 9. b3 Ne4 10. Bb2 Bf6 11. Nc3 Re8 12. e3 Nxc3 13. Bxc3 Nc6 14. Rc1
Bxd4 15. Bxd4 Be6 16. Qd2 Rc8 17. Qb2 f6 18. Rfd1 Qe7 19. h3 Qf7 20. b4 b6 21.
a4 Bf5 22. Bxf6 gxf6 23. Bxd5 Re6 24. b5 Ne7 25. Rxc8+ Nxc8 26. g4 Be4 27. Bb3
Qe7 28. Qa2 Kf7 29. Bxe6+ Qxe6 30. Rd7+ Ne7 31. Qxe6+ Kxe6 32. Rxa7 Nd5 33. Kh2
Kd6 34. Kg3 Bc2 35. a5 bxa5 36. Rxa5 Kc7 37. Ra7+ Kb6 38. Rd7 Nc3 39. f3 Nxb5
40. e4 Kc6 41. Rf7 Bb3 42. Rxf6+ Kd7 43. Rb6 Bc4 44. e5 Kc7 45. Rh6 Bg8 46. f4
Kd7 47. f5 Nc3 48. Ra6 Ke7 49. Ra7+ Kf8 50. e6 1-0

[Event "Polar Capital Jersey op"]
[Site "St Helier"]
[Date "2018.04.03"]
[Round "5.6"]
[White "Williams, Simon K"]
[Black "L'Ami, Alina"]
[Result "0-1"]
[WhiteElo "2460"]
[BlackElo "2306"]
[PlyCount "108"]
[EventDate "2018.03.31"]
[EventType "swiss"]
[EventRounds "9"]
[EventCountry "JCI"]

1. b3 e5 2. Bb2 Nc6 3. e3 Nf6 4. c4 g6 5. Nf3 d6 6. d4 Bg7 7. dxe5 Ng4 8. Nc3
Ngxe5 9. Nxe5 Bxe5 10. Qd2 Be6 11. Be2 O-O 12. O-O Qh4 13. f4 Bg7 14. g3 Qd8
15. Bf3 Qd7 16. Ne4 f6 17. Nc3 Rad8 18. Rac1 Bg4 19. Bh1 Kh8 20. Rfe1 Rde8 21.
Nd5 Be6 22. Bg2 a5 23. Nc3 Nb4 24. a3 Na6 25. Nb5 Nc5 26. Qc2 c6 27. Nc3 Re7
28. Rcd1 Bg4 29. Rd2 Rfe8 30. Kf2 Qc7 31. b4 axb4 32. axb4 Na6 33. Na2 Qb6 34.
Bd4 c5 35. bxc5 dxc5 36. Bc3 Be6 37. Rb1 Qa7 38. Qb2 Bxc4 39. Bxf6 b5 40. Bxg7+
Rxg7 41. Rbd1 Qe7 42. e4 Kg8 43. Nc3 Nb4 44. e5 Rf7 45. Kg1 g5 46. Ne4 gxf4 47.
gxf4 Rxf4 48. Nf6+ Rxf6 49. exf6 Qe3+ 50. Kh1 Nd3 51. f7+ Kxf7 52. Qc2 Qe1+ 53.
Rxe1 Rxe1+ 54. Bf1 Rxf1+ 0-1

[Event "Polar Capital Jersey op"]
[Site "St Helier"]
[Date "2018.04.03"]
[Round "5.7"]
[White "Klingher, Dominic"]
[Black "Vogt, Lothar"]
[Result "0-1"]
[WhiteElo "2173"]
[BlackElo "2402"]
[PlyCount "54"]
[EventDate "2018.03.31"]
[EventType "swiss"]
[EventRounds "9"]
[EventCountry "JCI"]

1. e4 c5 2. Nf3 e6 3. d3 Nc6 4. g3 d6 5. Bg2 Nf6 6. O-O Be7 7. Re1 Bd7 8. c3
O-O 9. d4 cxd4 10. cxd4 d5 11. exd5 Nxd5 12. Nc3 Nxc3 13. bxc3 Rc8 14. Rb1 b6
15. Bf4 Bf6 16. Qd3 Na5 17. Qa6 Rxc3 18. Qxa7 Bc6 19. Re3 Rxe3 20. fxe3 Nc4 21.
Rc1 b5 22. a4 g5 23. Bc7 Qd7 24. Qc5 Be7 25. Qa7 Ra8 26. Ne5 Rxa7 27. Nxd7 Bxd7
0-1

[Event "Polar Capital Jersey op"]
[Site "St Helier"]
[Date "2018.04.03"]
[Round "5.8"]
[White "Modi, Kishan J"]
[Black "Wadsworth, Matthew J"]
[Result "0-1"]
[WhiteElo "1850"]
[BlackElo "2354"]
[PlyCount "102"]
[EventDate "2018.03.31"]
[EventType "swiss"]
[EventRounds "9"]
[EventCountry "JCI"]

1. e4 e6 2. d4 d5 3. Nc3 Bb4 4. e5 b6 5. a3 Bf8 6. Nf3 Ne7 7. Bd3 Ba6 8. Nb5
Bb7 9. Bg5 a6 10. Nc3 h6 11. Be3 Nd7 12. Ne2 c5 13. c3 c4 14. Bc2 Nc6 15. Nf4
Qe7 16. h4 O-O-O 17. b4 cxb3 18. Bxb3 Na5 19. h5 Kb8 20. O-O Rc8 21. Ba4 Nc4
22. Bxd7 Qxd7 23. Qb3 Ka7 24. Nd2 Be7 25. Nxc4 Rxc4 26. Ne2 Rhc8 27. f4 f5 28.
exf6 Bxf6 29. f5 exf5 30. Qc2 Qe8 31. Qd3 Qxh5 32. Rxf5 Qg6 33. Raf1 Re8 34.
Qd2 Bc8 35. R5f3 Bg4 36. Nf4 Qf7 37. R3f2 h5 38. Qd3 Qd7 39. Ng6 Qc7 40. Bd2
Rc6 41. Ne5 Rce6 42. Bf4 Qc8 43. a4 R6e7 44. Bh2 Bd7 45. Rxf6 gxf6 46. Rxf6
Bxa4 47. Qb1 Bb5 48. c4 dxc4 49. Qg6 c3 50. Rc6 Bxc6 51. Nxc6+ Kb7 0-1

[Event "Polar Capital Jersey op"]
[Site "St Helier"]
[Date "2018.04.03"]
[Round "5.9"]
[White "Rudd, Jack"]
[Black "Okhai, Shabir"]
[Result "1/2-1/2"]
[WhiteElo "2276"]
[BlackElo "2090"]
[PlyCount "67"]
[EventDate "2018.03.31"]
[EventType "swiss"]
[EventRounds "9"]
[EventCountry "JCI"]

1. d4 d5 2. c4 e6 3. Nc3 Nf6 4. cxd5 exd5 5. Bg5 Be7 6. e3 c6 7. Qc2 Nbd7 8.
Bd3 Nh5 9. Bxe7 Qxe7 10. Nge2 g6 11. O-O-O Nb6 12. h3 Bd7 13. g4 Ng7 14. Ng3
O-O-O 15. Rhe1 h5 16. e4 Qg5+ 17. Kb1 hxg4 18. exd5 Nxd5 19. Nge4 Nxc3+ 20.
Qxc3 Qf4 21. d5 Nf5 22. hxg4 Ne7 23. Nf6 Bxg4 24. Rxe7 Bxd1 25. dxc6 Ba4 26.
cxb7+ Kb8 27. b3 Qd6 28. Nd5 Bc6 29. Nb4 Bxb7 30. Rxb7+ Kxb7 31. Be4+ Kb6 32.
Nd5+ Kb7 33. Nb4+ Kb6 34. Nd5+ 1/2-1/2

[Event "Polar Capital Jersey op"]
[Site "St Helier"]
[Date "2018.04.03"]
[Round "5.10"]
[White "Le Quang, Kim"]
[Black "Ahluwalia, Amardip"]
[Result "0-1"]
[WhiteElo "2267"]
[BlackElo "2052"]
[PlyCount "56"]
[EventDate "2018.03.31"]
[EventType "swiss"]
[EventRounds "9"]
[EventCountry "JCI"]

1. e4 e5 2. Nf3 Nc6 3. Bb5 a6 4. Ba4 Nf6 5. O-O b5 6. Bb3 Bc5 7. a4 Rb8 8. c3
d6 9. d4 Bb6 10. a5 Ba7 11. Be3 Ra8 12. dxe5 Nxe5 13. Nxe5 dxe5 14. Qxd8+ Kxd8
15. Bxf7 Bxe3 16. fxe3 Bb7 17. Nd2 Ke7 18. Ba2 Rad8 19. Nf3 Bxe4 20. Rad1 Rxd1
21. Rxd1 Bxf3 22. gxf3 Rd8 23. Rxd8 Kxd8 24. Be6 c5 25. Kf2 Ne8 26. Kg3 Nd6 27.
Bg8 Nf5+ 28. Kg4 Nh6+ 0-1

[Event "Polar Capital Jersey op"]
[Site "St Helier"]
[Date "2018.04.03"]
[Round "5.11"]
[White "Byron, Alan M"]
[Black "Woudsma, Martijn"]
[Result "0-1"]
[WhiteElo "2128"]
[BlackElo "2262"]
[PlyCount "66"]
[EventDate "2018.03.31"]
[EventType "swiss"]
[EventRounds "9"]
[EventCountry "JCI"]

1. e4 c5 2. Nf3 d6 3. d4 cxd4 4. Nxd4 Nf6 5. Nc3 a6 6. Be2 e6 7. g4 h6 8. h4
Qc7 9. Be3 b5 10. a3 Bb7 11. Bf3 Nfd7 12. g5 hxg5 13. hxg5 Rxh1+ 14. Bxh1 g6
15. f4 Nb6 16. Qd3 N8d7 17. O-O-O Nc4 18. Bf2 Nc5 19. Qe2 Bg7 20. f5 Be5 21.
Qg4 Rc8 22. fxe6 Nxb2 23. exf7+ Qxf7 24. Kxb2 Qxf2 25. Nce2 Na4+ 26. Kb1 Rc4
27. Qe6+ Kf8 28. Qh3 Bc8 29. Qh6+ Kf7 30. Qh7+ Bg7 31. Ng3 Nc3+ 32. Ka1 Nxd1
33. Ngf5 Bxf5 0-1

[Event "Polar Capital Jersey op"]
[Site "St Helier"]
[Date "2018.04.03"]
[Round "5.12"]
[White "Kabos, Tobias"]
[Black "Heppell, Ian N"]
[Result "1-0"]
[WhiteElo "2253"]
[BlackElo "2035"]
[PlyCount "71"]
[EventDate "2018.03.31"]
[EventType "swiss"]
[EventRounds "9"]
[EventCountry "JCI"]

1. d4 d6 2. e4 Nf6 3. Nc3 Nbd7 4. g4 h6 5. h3 e5 6. Nge2 c6 7. Bg2 Qc7 8. Be3
b5 9. a3 Bb7 10. O-O a6 11. f4 Be7 12. Ng3 exd4 13. Bxd4 c5 14. Bf2 b4 15. Nce2
g6 16. c4 a5 17. a4 Rd8 18. Be3 Kf8 19. b3 Kg7 20. Qc2 Rhf8 21. Rae1 Qb8 22.
Bd2 Qa8 23. Kh2 Kh7 24. Ng1 Ng8 25. Nf3 Bf6 26. g5 Bg7 27. h4 f6 28. Bh3 fxg5
29. hxg5 Ne7 30. Be6 h5 31. Nh4 Bd4 32. Nxh5 gxh5 33. e5+ Kg7 34. exd6 Ng8 35.
Qg6+ Kh8 36. Bxg8 1-0

[Event "Polar Capital Jersey op"]
[Site "St Helier"]
[Date "2018.04.03"]
[Round "5.13"]
[White "Pitcher, Thomas"]
[Black "Stewart, Ashley"]
[Result "0-1"]
[WhiteElo "1910"]
[BlackElo "2148"]
[PlyCount "96"]
[EventDate "2018.03.31"]
[EventType "swiss"]
[EventRounds "9"]
[EventCountry "JCI"]

1. Nf3 Nf6 2. d4 g6 3. c4 Bg7 4. Nc3 O-O 5. e4 d6 6. Bg5 c5 7. d5 e6 8. Qd2
exd5 9. cxd5 Re8 10. Be2 Bg4 11. O-O Nbd7 12. Rfe1 a6 13. a4 Qc7 14. h3 Bxf3
15. Bxf3 c4 16. Qf4 Rab8 17. g4 Re5 18. h4 Qd8 19. Be2 b5 20. axb5 axb5 21. Ra6
Nc5 22. Rc6 Qe7 23. f3 b4 24. Nb5 h6 25. Bxf6 Bxf6 26. Bxc4 Bxh4 27. Rc7 Nd7
28. Ra1 Bg5 29. Qg3 Be3+ 30. Kf1 h5 31. Ra6 Bc5 32. Na7 h4 33. Qf4 g5 34. Qd2
Qf6 35. Kg2 Nb6 36. Be2 Rbe8 37. Bd1 Nc4 38. Qe2 Ne3+ 39. Kh1 Qf4 40. Rxc5 dxc5
41. Nc6 Nxg4 42. Nxe5 Nxe5 43. Ra5 c4 44. d6 Qg3 45. Rd5 Nd3 46. d7 Rd8 47. Qg2
Qxg2+ 48. Kxg2 Nf4+ 0-1

[Event "Polar Capital Jersey op"]
[Site "St Helier"]
[Date "2018.04.03"]
[Round "5.14"]
[White "Belzo, Krzysztof"]
[Black "Modi, Shyam Jagdish"]
[Result "1-0"]
[WhiteElo "2103"]
[BlackElo "1945"]
[PlyCount "135"]
[EventDate "2018.03.31"]
[EventType "swiss"]
[EventRounds "9"]
[EventCountry "JCI"]

1. c4 g6 2. d4 Nf6 3. Nc3 Bg7 4. g3 O-O 5. Bg2 d6 6. Nf3 Nbd7 7. O-O e5 8. h3
exd4 9. Nxd4 Nb6 10. b3 d5 11. c5 Nbd7 12. c6 Ne5 13. cxb7 Bxb7 14. Ba3 Re8 15.
Rc1 Rc8 16. Na4 Ne4 17. Nc5 Nxc5 18. Bxc5 Nd7 19. b4 Nxc5 20. bxc5 c6 21. Nb3
Ba6 22. Re1 f5 23. Qd2 Re7 24. e3 Kh8 25. Nd4 Qe8 26. Rb1 Rcc7 27. Rb4 Rb7 28.
Reb1 Qc8 29. Kh2 Rxb4 30. Rxb4 Be5 31. Qd1 Rb7 32. Qa4 Rxb4 33. Qxb4 Bc4 34.
Nxc6 Qxc6 35. Qxc4 dxc4 36. Bxc6 Kg7 37. Kg2 c3 38. Ba4 Kf7 39. Kf3 Ke6 40. Ke2
Kd5 41. c6 Kc5 42. Kd3 Kd6 43. f4 Bf6 44. Bb3 Kxc6 45. Bg8 h6 46. Bh7 g5 47.
Bxf5 gxf4 48. gxf4 Kc5 49. e4 Bh4 50. e5 c2 51. Kxc2 Bg3 52. Kd3 Bxf4 53. Ke4
Bg5 54. Bd7 Bd8 55. Kf5 Kd5 56. Ba4 Bc7 57. Bb3+ Kd4 58. e6 Bd8 59. Kg6 Ke5 60.
Kxh6 Kf6 61. Kh7 Be7 62. h4 Bd8 63. h5 Be7 64. Kg8 Bd8 65. h6 Kg6 66. h7 Bf6
67. h8=Q Bxh8 68. e7 1-0

[Event "Polar Capital Jersey op"]
[Site "St Helier"]
[Date "2018.04.03"]
[Round "5.15"]
[White "Kahn, Tito"]
[Black "Hewson, Brian Wr"]
[Result "1-0"]
[WhiteElo "1897"]
[BlackElo "2044"]
[PlyCount "120"]
[EventDate "2018.03.31"]
[EventType "swiss"]
[EventRounds "9"]
[EventCountry "JCI"]

1. d4 Nf6 2. Bf4 d6 3. Nc3 Nbd7 4. Nf3 c5 5. d5 a6 6. a4 g6 7. e4 Bg7 8. Be2
Ng4 9. O-O Nge5 10. Qd2 Nxf3+ 11. Bxf3 O-O 12. a5 Rb8 13. Be2 Qc7 14. Bh6 b5
15. axb6 Rxb6 16. Bxg7 Kxg7 17. b3 Nf6 18. h3 Rb4 19. f3 Rb6 20. Bc4 Nd7 21.
Qe2 Ne5 22. Bxa6 Bxa6 23. Rxa6 c4 24. Rxb6 Qxb6+ 25. Qf2 Qxf2+ 26. Kxf2 cxb3
27. cxb3 Rc8 28. Ne2 Rc2 29. Rb1 Nd3+ 30. Ke3 Nb4 31. g4 Kf8 32. g5 Ke8 33. h4
Na2 34. Nd4 Rh2 35. b4 Nc3 36. Rb3 Nd1+ 37. Kd3 Nb2+ 38. Kc3 Na4+ 39. Kc4 Rd2
40. Kb5 Rxd4 41. Kxa4 Kd7 42. Rc3 e6 43. dxe6+ fxe6 44. Ka5 d5 45. exd5 exd5
46. b5 Rd1 47. b6 Ra1+ 48. Kb5 Rb1+ 49. Kc5 Ke6 50. Kc6 d4 51. Rc4 Ke5 52. Rc5+
Kf4 53. b7 d3 54. Rb5 Rc1+ 55. Kb6 d2 56. b8=Q+ Kxf3 57. Rb3+ Ke2 58. Qe5+ Kd1
59. Qd4 Rc8 60. Rb4 Kc2 1-0

[Event "Polar Capital Jersey op"]
[Site "St Helier"]
[Date "2018.04.03"]
[Round "5.16"]
[White "Verma, Aditya"]
[Black "Livesey, R  Nigel"]
[Result "1-0"]
[WhiteElo "2002"]
[BlackElo "1753"]
[PlyCount "69"]
[EventDate "2018.03.31"]
[EventType "swiss"]
[EventRounds "9"]
[EventCountry "JCI"]

1. e4 c6 2. d4 d5 3. f3 e6 4. Nc3 Nf6 5. e5 Nfd7 6. f4 c5 7. Be3 b6 8. Nf3 Ba6
9. Bxa6 Nxa6 10. O-O Be7 11. Ne2 Rc8 12. c3 cxd4 13. cxd4 Nb4 14. Nc3 Nc6 15.
f5 exf5 16. Nxd5 Nb4 17. Nxb4 Bxb4 18. Ng5 Be7 19. Rxf5 Bxg5 20. Bxg5 f6 21.
exf6 Nxf6 22. Bxf6 gxf6 23. Qh5+ Kf8 24. Qh4 Kf7 25. Raf1 Rc6 26. d5 Rd6 27.
Qh5+ Ke7 28. Qh6 Qf8 29. Qe3+ Kd7 30. Qd4 Ke7 31. Qc3 Qf7 32. Qc7+ Rd7 33. d6+
Ke8 34. Qc8+ Rd8 35. Re1+ 1-0

[Event "Polar Capital Jersey op"]
[Site "St Helier"]
[Date "2018.04.03"]
[Round "5.17"]
[White "Spanton, Tim R"]
[Black "Bryant, Richard BE"]
[Result "0-1"]
[WhiteElo "1851"]
[BlackElo "1932"]
[PlyCount "116"]
[EventDate "2018.03.31"]
[EventType "swiss"]
[EventRounds "9"]
[EventCountry "JCI"]

1. e4 e6 2. d4 d5 3. exd5 exd5 4. Nf3 Bd6 5. c4 c6 6. Nc3 Ne7 7. c5 Bc7 8. Bd3
Bg4 9. O-O Qd7 10. Re1 O-O 11. Bg5 f6 12. Bh4 Nf5 13. Bg3 Nxg3 14. hxg3 Na6 15.
Bxa6 bxa6 16. Qd3 a5 17. Re3 Rae8 18. Rae1 Rxe3 19. Qxe3 Kf7 20. Nh4 Re8 21.
Qxe8+ Qxe8 22. Rxe8 Kxe8 23. Kf1 Kf7 24. Nf3 Bc8 25. Ke2 g5 26. Nd1 Ba6+ 27.
Kd2 Bc4 28. b3 Bb5 29. a4 Ba6 30. Ne3 Kg6 31. g4 Bc8 32. Ke2 Bf4 33. Ne1 Bxe3
34. Kxe3 Bxg4 35. f3 Bf5 36. g4 Bc8 37. Nc2 h5 38. gxh5+ Kxh5 39. b4 axb4 40.
Nxb4 Bd7 41. Na6 Kh4 42. Nb8 Be8 43. a5 Kg3 44. Na6 f5 45. Nb4 f4+ 46. Ke2 Bd7
47. Nd3 g4 48. fxg4 Bxg4+ 49. Kf1 Bd7 50. Ne5 Be8 51. Kg1 a6 52. Nd3 Bg6 53.
Ne5 Be8 54. Nd3 Kf3 55. Kf1 Ke3 56. Nb4 Bh5 57. Nxc6 Be2+ 58. Kg1 f3 0-1

[Event "Polar Capital Jersey op"]
[Site "St Helier"]
[Date "2018.04.03"]
[Round "5.18"]
[White "Jackson, Sheila"]
[Black "Safarian, Alek"]
[Result "1-0"]
[WhiteElo "2108"]
[BlackElo "2024"]
[PlyCount "117"]
[EventDate "2018.03.31"]
[EventType "swiss"]
[EventRounds "9"]
[EventCountry "JCI"]

1. e4 c5 2. Nc3 d6 3. Nf3 Nc6 4. Bc4 g6 5. d4 cxd4 6. Nxd4 Bg7 7. Be3 Nf6 8. f3
O-O 9. Qd2 Bd7 10. Nxc6 bxc6 11. g4 Qc7 12. g5 Nh5 13. O-O Rab8 14. Rab1 Bh3
15. Rfd1 Rfd8 16. Bb3 Bc8 17. Qf2 c5 18. Nd5 Qb7 19. Bxc5 a5 20. Bb6 Re8 21.
Bxa5 e6 22. Ba4 exd5 23. Bxe8 Nf4 24. Qe3 Nh3+ 25. Kg2 d4 26. Qb3 Qe7 27. Qxf7+
Qxf7 28. Bxf7+ Kxf7 29. Bc7 Rb5 30. Bxd6 Rxg5+ 31. Bg3 h5 32. Kh1 Be5 33. Bh4
Ba6 34. Bxg5 Nxg5 35. Kg2 Be2 36. Rf1 Bf4 37. Rf2 Bc4 38. b3 Be6 39. a4 Bh3+
40. Kh1 Be3 41. Rbf1 Bd7 42. Re2 Bf4 43. Rg2 Ne6 44. h4 g5 45. hxg5 Nxg5 46.
Rxg5 Bxg5 47. f4 Bh4 48. Kg2 Bd8 49. Rd1 Bb6 50. a5 Ba7 51. b4 Ba4 52. Rd2 Ke6
53. Kf3 Be8 54. Rh2 Kf6 55. b5 Bxb5 56. Rxh5 Ba4 57. Rh7 Bc5 58. Rc7 Bf8 59.
Rc4 1-0

[Event "Polar Capital Jersey op"]
[Site "St Helier"]
[Date "2018.04.03"]
[Round "5.19"]
[White "van Leusden, Dennis"]
[Black "Pugh, Glyn D"]
[Result "1-0"]
[WhiteElo "2035"]
[BlackElo "1847"]
[PlyCount "27"]
[EventDate "2018.03.31"]
[EventType "swiss"]
[EventRounds "9"]
[EventCountry "JCI"]

1. e4 e6 2. d4 d5 3. Nc3 Bb4 4. e5 Ne7 5. a3 Bxc3+ 6. bxc3 c5 7. Qg4 Qc7 8. Bd3
c4 9. Be2 Ng6 10. h4 Rg8 11. h5 Ne7 12. h6 g6 13. Nf3 Nf5 14. Ng5 1-0

[Event "Polar Capital Jersey op"]
[Site "St Helier"]
[Date "2018.04.04"]
[Round "6.1"]
[White "Merry, Alan B"]
[Black "Hebden, Mark L"]
[Result "1-0"]
[WhiteElo "2436"]
[BlackElo "2454"]
[PlyCount "73"]
[EventDate "2018.03.31"]
[EventType "swiss"]
[EventRounds "9"]
[EventCountry "JCI"]

1. e4 e5 2. Nf3 Nc6 3. Bb5 a6 4. Ba4 Nf6 5. d3 d6 6. c3 b5 7. Bc2 Be7 8. O-O
O-O 9. Re1 Re8 10. Nbd2 Bf8 11. Nf1 h6 12. Ng3 Rb8 13. d4 g6 14. a3 Bg4 15. Be3
d5 16. h3 exd4 17. cxd4 Bxf3 18. gxf3 dxe4 19. fxe4 Qd7 20. e5 Nd5 21. Kh2 Bg7
22. Qf3 Nxe3 23. fxe3 Nxe5 24. dxe5 Bxe5 25. Bb3 Rb6 26. Rad1 Qe7 27. Rf1 Rf8
28. Qg2 c5 29. Bd5 Kh7 30. Kh1 c4 31. Qe4 Qg5 32. Ne2 Bxb2 33. Bxf7 Rf6 34.
Bxg6+ Kh8 35. Nf4 Rg8 36. Rg1 Qc5 37. Rd7 1-0

[Event "Polar Capital Jersey op"]
[Site "St Helier"]
[Date "2018.04.04"]
[Round "6.2"]
[White "Vakhidov, Jakhongir"]
[Black "Vogt, Lothar"]
[Result "1-0"]
[WhiteElo "2542"]
[BlackElo "2402"]
[PlyCount "119"]
[EventDate "2018.03.31"]
[EventType "swiss"]
[EventRounds "9"]
[EventCountry "JCI"]

1. d4 Nf6 2. c4 g6 3. g3 Bg7 4. Bg2 O-O 5. Nc3 d6 6. Nf3 c6 7. O-O Bf5 8. Ng5
h6 9. e4 Bg4 10. f3 Bd7 11. Nh3 e5 12. Be3 Na6 13. Nf2 Qe7 14. Qd2 Kh7 15. Rfd1
Rfd8 16. d5 c5 17. Rf1 Nh5 18. Nd3 f5 19. Rae1 Nf6 20. f4 Ng4 21. fxe5 dxe5 22.
Kh1 Nxe3 23. Qxe3 Rf8 24. exf5 gxf5 25. g4 fxg4 26. Rxf8 Rxf8 27. Nxe5 Qxe5 28.
Qxe5 Bxe5 29. Rxe5 Kg7 30. d6 b6 31. Nb5 Kf6 32. Re1 Bxb5 33. cxb5 Nb8 34. Bd5
Rd8 35. Re6+ Kf5 36. Rxh6 Ke5 37. Bc4 Nd7 38. Re6+ Kd4 39. Bf1 Ne5 40. b3 Kd5
41. Rf6 Nd7 42. Rg6 Ne5 43. Rf6 Nd7 44. Rh6 Ke5 45. Rh7 Kxd6 46. Be2 Nf6 47.
Rxa7 Ke5 48. Kg2 Rd2 49. Kf2 Nd5 50. Ke1 Rb2 51. Bxg4 Rxh2 52. a4 Kd4 53. Rd7
Ke3 54. Kf1 Nf4 55. Re7+ Kd4 56. a5 bxa5 57. b6 Rb2 58. Bd1 Rh2 59. b7 Rh8 60.
Bf3 1-0